000 00685nam a2200253Ia 4500
003 OSt
005 20220918164340.0
006 a|||||r|||| 00| 0
007 ta
008 220917b |||||||| |||| 00| 0 eng d
020 _a0521620910 (hbk)
024 _a36,927
037 _cTextual
040 _aARTS
_cARTS
_beng
041 _2eng
_aeng
082 _aR3xL11:g, N8
100 _aFrasca-Spada Marina
_918472
245 0 _aSpace and the self in Hume's treratise
260 _aCambridge
_bCUP
_c1998
300 _axiii,220p.
_ccm.
650 _aSPACE AND TIME
_918473
942 _hR3xL11:g, N8
_cTEXL
_2CC
999 _c124381
_d124381